| 000 | 01856nam a22002537a 4500 | ||
|---|---|---|---|
| 005 | 20230102094556.0 | ||
| 008 | 230102b ||||| |||| 00| 0 eng d | ||
| 020 | _a9781878424310 | ||
| 040 | _cAL | ||
| 041 | _aEnglish | ||
| 082 |
_223 _a299.792 _bRUIF |
||
| 100 |
_aDon Miguel Ruiz _967992 |
||
| 245 | _aFour Agreements: A Practical Guide to Personal Freedom | ||
| 260 |
_aCalifornia _bAmber Allen Publishing _c1997 |
||
| 300 |
_a140 p. _bPB _c18x12 cm. |
||
| 365 |
_a6696 _b₹680.00 _c₹ _d₹850.00 _e20% _f19-12-2022 |
||
| 440 |
_aRuiz Miguel 1952 Toltee WisdomBook _967993 |
||
| 520 | _aIn The Four Agreements, bestselling author don Miguel Ruiz reveals the source of self-limiting beliefs that rob us of joy and create needless suffering. Based on ancient Toltec wisdom, The Four Agreements offer a powerful code of conduct that can rapidly transform our lives to a new experience of freedom, true happiness, and love. • A New York Times bestseller for over a decade • Over 6.5 million copies sold in the U.S. • Translated into 40 languages worldwide"This book by don Miguel Ruiz, simple yet so powerful, has made a tremendous difference in how I think and act in every encounter." — Oprah Winfrey"Don Miguel Ruiz’s book is a roadmap to enlightenment and freedom." — Deepak Chopra, Author, The Seven Spiritual Laws of Success"An inspiring book with many great lessons." — Wayne Dyer, Author, Real Magic"In the tradition of Castaneda, Ruiz distills essential Toltec wisdom, expressing with clarity and impeccability what it means for men and women to live as peaceful warriors in the modern world." — Dan Millman, Author, Way of the Peaceful Warrior | ||
| 650 |
_aToltec Philosophy _967994 |
||
| 650 |
_aConduct of life _967995 |
||
| 650 |
_aToltec wisdom Book _967996 |
||
| 700 |
_aRUIZ (Don Miguel) _967997 |
||
| 942 |
_2ddc _cBK |
||
| 999 |
_c226131 _d226131 |
||